Żużlowcy którzy najczęściej wygrywali SGP - Statystyki

Ogólne statystyki
  • Ten quiz został rozwiązany 49 razy
  • Średni wynik to 7 z 11
Statystyki odpowiedzi
Zwycięstwa Odpowiedź % Poprawnych
29 Bartosz Zmarzlik
100%
22 Tomasz Gollob
85%
21 Greg Hancock
83%
23 Jason Crump
83%
20 Tony Rickardsson
83%
17 Nicki Pedersen
80%
11 Tai Woffinden
78%
8 Leigh Adams
40%
9 Andreas Jonsson
38%
8 Maciej Janowski
20%
9 Martin Vaculik
15%
Nie znaleziono quizów pasujących do podanych kryteriów
Rozkład punktacji
Procent ludzi z każdym wynikiem
Percentyl według liczby udzielonych odpowiedzi
Twoja historia wyników
Nie rozwiązałeś tego quizu